| 000 | 00468nam a2200193Ia 4500 | ||
|---|---|---|---|
| 003 | STCL | ||
| 008 | 221019s9999 xx 000 0 und d | ||
| 020 | _a9781119940371 | ||
| 040 |
_aSTCL _cSTCL _bEN |
||
| 082 | _222 | ||
| 100 | _aDahlem, Gregory A | ||
| 100 | _aRivers, David B | ||
| 245 | 4 | _aThe science of forensic entomology | |
| 260 |
_bWiley Blackwell _aWest Sussex _c2014 |
||
| 300 | _a382 p | ||
| 365 | _b6130 | ||
| 546 | _aEnglish | ||
| 942 |
_cBK _2DDC _e22 |
||
| 999 |
_c88332 _d88332 |
||